<?xml version="1.0" encoding="UTF-8"?>
<record
    xmlns:xsi="http://www.w3.org/2001/XMLSchema-instance"
    xsi:schemaLocation="http://www.loc.gov/MARC21/slim http://www.loc.gov/standards/marcxml/schema/MARC21slim.xsd"
    xmlns="http://www.loc.gov/MARC21/slim">

  <leader>00496nam a22001817a 4500</leader>
  <controlfield tag="003">UA-OsUOA</controlfield>
  <controlfield tag="001"> 13264 </controlfield>
  <controlfield tag="007">ta</controlfield>
  <controlfield tag="008">20030423b un ||||| |||| 00| 0 ukr d</controlfield>
  <datafield tag="100" ind1=" " ind2=" ">
    <subfield code="a">&#x421;&#x435;&#x440;&#x433;&#x456;&#x439;&#x447;&#x443;&#x43A; &#x412;.</subfield>
  </datafield>
  <datafield tag="942" ind1=" " ind2=" ">
    <subfield code="c">SA</subfield>
  </datafield>
  <datafield tag="040" ind1=" " ind2=" ">
    <subfield code="a">UA-OsUOA</subfield>
    <subfield code="c">UA-OsUOA</subfield>
    <subfield code="d">UA-OsUOA</subfield>
  </datafield>
  <datafield tag="245" ind1=" " ind2=" ">
    <subfield code="a">&#x425;&#x440;&#x43E;&#x43D;&#x456;&#x43A;&#x430; &#x412;&#x43E;&#x43B;&#x438;&#x43D;&#x441;&#x44C;&#x43A;&#x43E;&#x457; &#x442;&#x440;&#x430;&#x433;&#x435;&#x434;&#x456;&#x457;</subfield>
  </datafield>
  <datafield tag="300" ind1=" " ind2=" ">
    <subfield code="a">&#x421;.7</subfield>
  </datafield>
  <datafield tag="955" ind1=" " ind2=" ">
    <subfield code="a">0</subfield>
  </datafield>
  <datafield tag="773" ind1="0" ind2=" ">
    <subfield code="w">0</subfield>
    <subfield code="t">&#x412;&#x41E;&#x41B;&#x418;&#x41D;&#x42C;</subfield>
    <subfield code="d">&#x420;&#x456;&#x432;&#x43D;&#x435;</subfield>
    <subfield code="d">2003</subfield>
    <subfield code="g">&#x2116;16 /18 &#x43A;&#x432;&#x456;&#x442;/; N17/25 &#x43A;&#x432;&#x456;&#x442;./</subfield>
  </datafield>
  <datafield tag="650" ind1=" " ind2="7">
    <subfield code="a">&#x412;&#x43E;&#x43B;&#x438;&#x43D;&#x44C;</subfield>
    <subfield code="2">UDC</subfield>
  </datafield>
  <datafield tag="999" ind1=" " ind2=" ">
    <subfield code="c">299425</subfield>
    <subfield code="d">299425</subfield>
  </datafield>
</record>
